Tribute to a titan (Record no. 17889)

MARC details
000 -LEADER
fixed length control field 00650nam a2200193Ia 4500
003 - CONTROL NUMBER IDENTIFIER
control field IN-BaIIA
008 - FIXED-LENGTH DATA ELEMENTS--GENERAL INFORMATION
fixed length control field 211028s9999 xx 000 0 eng d
040 ## - CATALOGING SOURCE
Transcribing agency IIA Library
080 ## - UNIVERSAL DECIMAL CLASSIFICATION NUMBER
Universal Decimal Classification number 92:539.1
Item number TRI
245 #0 - TITLE STATEMENT
Title Tribute to a titan
Remainder of title birth centenary of Homi Jehangir Bhabha
Statement of responsibility, etc. edited by Dipan K. Ghosh and Arun K. Grover.
260 ## - PUBLICATION, DISTRIBUTION, ETC.
Place of publication, distribution, etc. Mumbai
Name of publisher, distributor, etc. Indian Physics Association
Date of publication, distribution, etc. 2009
300 ## - PHYSICAL DESCRIPTION
Extent iv, 221p.
650 ## - SUBJECT ADDED ENTRY--TOPICAL TERM
Topical term or geographic name entry element Bhabha
9 (RLIN) 34017
650 ## - SUBJECT ADDED ENTRY--TOPICAL TERM
Topical term or geographic name entry element Biography - Homi Jehangir Bhabha - Physics
9 (RLIN) 34018
650 ## - SUBJECT ADDED ENTRY--TOPICAL TERM
Topical term or geographic name entry element Homi Jehangir - Biography - Physics
9 (RLIN) 34019
700 ## - ADDED ENTRY--PERSONAL NAME
Personal name Ghosh, D. K., ed.
9 (RLIN) 34020
700 ## - ADDED ENTRY--PERSONAL NAME
Personal name Grover, A. K., ed.
9 (RLIN) 34021
942 ## - ADDED ENTRY ELEMENTS (KOHA)
Koha item type Books
Holdings
Withdrawn status Lost status Damaged status Not for loan Home library Current library Shelving location Date acquired Source of acquisition Cost, normal purchase price Total Checkouts Full call number Barcode Date last seen Cost, replacement price Price effective from Koha item type Purchase Price
        IIA Library-Bangalore IIA Library-Bangalore General Stacks 11/12/2010 ANJ 6995.00   92:539.1/ TRI 18811 05/11/2021 6995.00 11/12/2010 Books Rs. 6995.00

Powered by Koha